Návrat ryb do úseků toků řek pod vodními díly

Bibliographic Details
Main Author: Chvojková, Petra (Author)
Format: Article
Language:Czech
ISBN:8022719714

MARC

LEADER 00000naa a2200000uu 4500
001 vtls011073584
003 SK-MaSNL
005 20260302111149.0
008 220810|2003 xo |||||||||||||||||cze|
015 |a SNBRA 
035 |a (urnnbn)urn:nbn:sk:snk:ar-a0ccks 
035 |a (uuid)43da3c38-fbda-4bd7-82a2-30344ce4f602 
035 |a urn:nbn:sk:snk-aavisx 
040 |a SNKBUCL  |b slo  |c SNKBUCL  |e AACR2 
041 0 |a cze 
044 |a xo  |c SK 
100 1 |a Chvojková, Petra  |4 aut  |9 788215 
245 1 0 |a Návrat ryb do úseků toků řek pod vodními díly  |c Petra Chvojková 
773 0 |t Vplyv vodohospodárskych stavieb na tvorbu a ochranu životného prostredia  |d V Bratislave : Slovenská technická univerzita, 2003  |g S. 77-82  |z 8022719714 
954 |a odborná, vedecká literatúra cudzojazyčná (svetová)  |2 lita 
958 |a OND 
958 |a article12 
958 |a chapter 
999 |c 1246549  |d 1248479